[Event "24th Rubinstein Memorial"]
[Site "Polanica Zdroj POL"]
[Date "1986.08.??"]
[Round "1"]
[White "Hawelko, Marek"]
[Black "Lukacs, Peter"]
[Result "0-1"]
[WhiteElo "2480"]
[BlackElo "2435"]
[EventDate "1986.08.04"]
[PlyCount "72"]

1.e4 e5 2.Nf3 Nc6 3.Bb5 a6 4.Ba4 Nf6 5.O-O Be7 6.Re1 b5 7.Bb3 d6 8.c3 O-O 
9.h3 Bb7 10.d4 Re8 11.Ng5 Rf8 12.Nf3 Re8 13.Nbd2 Bf8 14.Bc2 g6 15.d5 Nb8 
16.b3 c6 17.c4 Bh6 18.b4 Qc7 19.Nf1 Bg7 20.Ne3 bxc4 21.dxc6 Nxc6 22.Nxc4 
Nxb4 23.Bb3 d5 24.exd5 Bxd5 25.Nfxe5 Bxc4 26.Nxc4 Rad8 27.Bd2 Ne4 28.Bxb4 
Rxd1 29.Raxd1 Bf8 30.Ba5 Qf4 31.Bb6 Rb8 32.Be3 Qh4 33.Rd7 Bc5 34.Bxc5 Nxc5
35.Rc7 Nd3 36.Ree7 Qxf2+ 0-1

[Event "24th Rubinstein Memorial"]
[Site "Polanica Zdroj POL"]
[Date "1986.08.??"]
[Round "1"]
[White "Murshed, Niaz"]
[Black "Jasnikowski, Zbigniew"]
[Result "1/2-1/2"]
[WhiteElo "2415"]
[BlackElo "2410"]
[EventDate "1986.08.04"]
[PlyCount "43"]

1.d4 Nf6 2.Nf3 g6 3.Nc3 d5 4.Bf4 Bg7 5.e3 O-O 6.Be2 c5 7.dxc5 Qa5 8.Nd2 
Qxc5 9.Nb3 Qb6 10.a4 Nc6 11.a5 Qd8 12.O-O h6 13.h3 e6 14.Bb5 Ne8 15.e4 d4 
16.Ne2 e5 17.Bd2 Nd6 18.Bd3 f5 19.f3 Be6 20.Nc5 Bf7 21.a6 bxa6 22.Rxa6 
1/2-1/2

[Event "24th Rubinstein Memorial"]
[Site "Polanica Zdroj POL"]
[Date "1986.08.??"]
[Round "1"]
[White "Lerner, Konstantin"]
[Black "Kuczynski, Robert"]
[Result "1-0"]
[WhiteElo "2550"]
[BlackElo "2435"]
[EventDate "1986.08.04"]
[PlyCount "79"]

1.d4 d5 2.c4 c6 3.Nf3 Nf6 4.Nc3 e6 5.cxd5 cxd5 6.Bf4 Nc6 7.e3 Be7 8.Bd3 
O-O 9.h3 Nh5 10.Bh2 f5 11.Ne5 Nf6 12.O-O Nxe5 13.Bxe5 Bd7 14.Qb3 Bc6 15.
Rfc1 a6 16.a4 Nd7 17.Ne2 Re8 18.a5 Bf8 19.Bg3 Qe7 20.Nf4 Qb4 21.Qc3 Rac8 
22.Bf1 Bd6 23.Qc2 Bc7 24.Nd3 Qe7 25.Bxc7 Rxc7 26.Ra3 Rec8 27.Rc3 Nf6 28.f3
Ne8 29.Ne5 Qb4 30.Rc5 Ba4 31.Qc3 Qxc3 32.R1xc3 Rxc5 33.dxc5 Nf6 34.c6 bxc6
35.b3 c5 36.bxa4 c4 37.Rc1 Rb8 38.Nxc4 Rc8 39.Rc2 dxc4 40.Rxc4 1-0

[Event "24th Rubinstein Memorial"]
[Site "Polanica Zdroj POL"]
[Date "1986.08.??"]
[Round "1"]
[White "Pekarek, Ales"]
[Black "Lau, Ralf"]
[Result "1/2-1/2"]
[WhiteElo "2445"]
[BlackElo "2455"]
[EventDate "1986.08.04"]
[PlyCount "43"]

1.Nf3 Nf6 2.c4 e6 3.Nc3 d5 4.d4 Be7 5.Bf4 O-O 6.e3 Nbd7 7.Qc2 c5 8.dxc5 
Nxc5 9.Be2 dxc4 10.Bxc4 a6 11.Rd1 Qe8 12.Be2 b5 13.b4 Ncd7 14.Qb1 Bb7 15.
O-O Rc8 16.Rc1 Nb6 17.Ng5 Nc4 18.Rfd1 h6 19.Nge4 Qc6 20.Bf3 Qb6 21.Nxf6+ 
Bxf6 22.Ne4 1/2-1/2

[Event "24th Rubinstein Memorial"]
[Site "Polanica Zdroj POL"]
[Date "1986.08.??"]
[Round "1"]
[White "Mokry, Karel"]
[Black "Dejkalo, Stefan"]
[Result "1-0"]
[WhiteElo "2520"]
[BlackElo "2450"]
[EventDate "1986.08.04"]
[PlyCount "57"]

1.e4 c5 2.Nf3 Nc6 3.d4 cxd4 4.Nxd4 Nf6 5.Nc3 d6 6.Bg5 e6 7.Qd2 Be7 8.O-O-O
Nxd4 9.Qxd4 O-O 10.Bc4 a6 11.f4 b5 12.Bb3 Bb7 13.Rhe1 Rc8 14.Kb1 Qc7 15.f5
e5 16.Qd3 Nxe4 17.Nxe4 Bxe4 18.Qxe4 Bxg5 19.h4 Be7 20.g4 a5 21.g5 a4 22.
Bd5 Kh8 23.f6 Bd8 24.fxg7+ Kxg7 25.Qf5 Be7 26.h5 h6 27.Rg1 Bxg5 28.Rxg5+ 
hxg5 29.h6+ 1-0

[Event "24th Rubinstein Memorial"]
[Site "Polanica Zdroj POL"]
[Date "1986.08.??"]
[Round "2"]
[White "Gaprindashvili, Nona"]
[Black "Mokry, Karel"]
[Result "1-0"]
[WhiteElo "2350"]
[BlackElo "2520"]
[EventDate "1986.08.04"]
[PlyCount "79"]

1.d4 Nf6 2.c4 e6 3.Nc3 Bb4 4.Nf3 c5 5.g3 cxd4 6.Nxd4 Ne4 7.Qd3 Qa5 8.Nb3 
Nxc3 9.Bd2 Ne4 10.Qxe4 Bxd2+ 11.Nxd2 O-O 12.Bg2 Nc6 13.Qe3 d5 14.O-O d4 
15.Qd3 Rd8 16.a3 Ne5 17.b4 Qc7 18.Qb3 Bd7 19.f4 Ng6 20.Nf3 Bc6 21.Rfd1 e5 
22.f5 Ne7 23.Qc2 f6 24.Rac1 Rac8 25.g4 Bd5 26.e3 Bxc4 27.exd4 Qb6 28.Qf2 
Bb3 29.Rxc8 Rxc8 30.Re1 Rc2 31.Qe3 Bc4 32.dxe5 Qxe3+ 33.Rxe3 Nd5 34.Re4 
fxe5 35.Nxe5 b5 36.Rd4 Rc1+ 37.Kf2 Rc2+ 38.Kg3 Rc3+ 39.Kh4 g5+ 40.Kxg5 1-0

[Event "24th Rubinstein Memorial"]
[Site "Polanica Zdroj POL"]
[Date "1986.08.??"]
[Round "2"]
[White "Lau, Ralf"]
[Black "Farago, Ivan"]
[Result "1-0"]
[WhiteElo "2455"]
[BlackElo "2520"]
[EventDate "1986.08.04"]
[PlyCount "55"]

1.e4 e6 2.d4 d5 3.Nc3 Bb4 4.exd5 exd5 5.Bd3 Nc6 6.a3 Bxc3+ 7.bxc3 Nge7 8.
Qf3 Be6 9.Rb1 Na5 10.Nh3 Bxh3 11.Qxh3 Qd7 12.Qh5 g6 13.Qf3 Qe6+ 14.Be3 
O-O-O 15.O-O Nec6 16.Rb5 a6 17.Rbb1 Nc4 18.Bg5 Rd7 19.Rfe1 Qd6 20.a4 h6 
21.Bf4 Qf6 22.Bxc4 dxc4 23.d5 Ne7 24.Qe3 Rxd5 25.Qa7 Qxf4 26.Rxe7 Kd8 27.
Rbe1 Qf5 28.Qxb7 1-0

[Event "24th Rubinstein Memorial"]
[Site "Polanica Zdroj POL"]
[Date "1986.08.??"]
[Round "2"]
[White "Kuczynski, Robert"]
[Black "Pekarek, Ales"]
[Result "1/2-1/2"]
[WhiteElo "2435"]
[BlackElo "2445"]
[EventDate "1986.08.04"]
[PlyCount "122"]

1.e4 c5 2.Nf3 Nc6 3.Bb5 g6 4.O-O Bg7 5.c3 e5 6.d4 cxd4 7.cxd4 Nxd4 8.Nxd4 
exd4 9.Bf4 Ne7 10.Nd2 O-O 11.Bd6 Kh8 12.Qb3 a6 13.Bc4 b5 14.Bd5 Nxd5 15.
Qxd5 Ra7 16.Qc5 Ra8 17.Bxf8 Qxf8 18.Qxf8+ Bxf8 19.Nb3 Bb7 20.e5 Re8 21.
Rfe1 Bd5 22.Nc1 Bc4 23.b3 Bb4 24.Rd1 Bc3 25.Rb1 Bd5 26.Ne2 Rxe5 27.Nxd4 b4
28.Kf1 Bb7 29.Ne2 Bxg2+ 30.Kxg2 Rxe2 31.Rxd7 Kg7 32.Rbd1 Rxa2 33.Ra7 Ra5 
34.Rd3 Rg5+ 35.Rg3 Rf5 36.Rf3 Rg5+ 37.Kf1 Bf6 38.Rxa6 Be7 39.Ra7 Re5 40.
Rb7 g5 41.Re3 Rxe3 42.fxe3 Bd6 43.Rb6 Bc5 44.Rb5 Be7 45.Kg2 Kg6 46.Kf3 h5 
47.h3 f6 48.e4 Bd6 49.e5 Bxe5 50.Rxb4 Kf5 51.Rc4 Ke6 52.b4 f5 53.b5 Kd5 
54.Rc8 g4+ 55.hxg4 fxg4+ 56.Ke2 h4 57.Rg8 h3 58.Rxg4 h2 59.Rh4 Bc7 60.Kd3 
Kc5 61.Rh5+ Kb4 1/2-1/2

[Event "24th Rubinstein Memorial"]
[Site "Polanica Zdroj POL"]
[Date "1986.08.??"]
[Round "2"]
[White "Jasnikowski, Zbigniew"]
[Black "Lerner, Konstantin"]
[Result "1/2-1/2"]
[WhiteElo "2410"]
[BlackElo "2550"]
[EventDate "1986.08.04"]
[PlyCount "123"]

1.d4 Nf6 2.c4 e6 3.Nf3 b6 4.g3 Ba6 5.b3 Bb4+ 6.Bd2 Be7 7.Nc3 O-O 8.Bg2 c6 
9.O-O d5 10.Bf4 Nbd7 11.Rc1 Rc8 12.Qd3 Nh5 13.Bd2 Ba3 14.Ng5 Nhf6 15.Rc2 
Re8 16.f4 Bf8 17.e3 Bb7 18.Nf3 c5 19.Ne5 cxd4 20.exd4 dxc4 21.bxc4 Bxg2 
22.Kxg2 Qc7 23.Qf3 a6 24.g4 g6 25.a4 Bg7 26.g5 Nh5 27.Ne4 f6 28.gxf6 Ndxf6
29.Rfc1 Nxe4 30.Qxe4 Nf6 31.Qf3 Nd7 32.a5 Nxe5 33.fxe5 b5 34.cxb5 Qxc2 35.
Rxc2 Rxc2 36.Qd3 Rb2 37.Qc3 Rxb5 38.Qc6 Rbb8 39.Bb4 Bf8 40.Bd6 Rec8 41.Bc7
Kh8 42.Qd7 Ra8 43.d5 exd5 44.e6 Bg7 45.e7 Bf6 46.Qxd5 Kg7 47.Qd7 Kh8 48.h3
Re8 49.Bd8 Raxd8 50.exd8=Q Rxd8 51.Qc6 Bg7 52.Qxa6 Bc3 53.Qb6 Bxa5 54.Qxa5
Rf8 55.Qe5+ Kg8 56.Kg3 Rf5 57.Qe6+ Kg7 58.Kg4 Rh5 59.Qe7+ Kg8 60.Kf4 Rf5+ 
61.Ke4 Rh5 62.Qe8+ 1/2-1/2

[Event "24th Rubinstein Memorial"]
[Site "Polanica Zdroj POL"]
[Date "1986.08.??"]
[Round "2"]
[White "Lukacs, Peter"]
[Black "Murshed, Niaz"]
[Result "1/2-1/2"]
[WhiteElo "2435"]
[BlackElo "2415"]
[EventDate "1986.08.04"]
[PlyCount "33"]

1.d4 Nf6 2.c4 e6 3.Nf3 Bb4+ 4.Bd2 Qe7 5.g3 Nc6 6.Nc3 Bxc3 7.Bxc3 Ne4 8.Rc1
d6 9.d5 Nxc3 10.Rxc3 Nb8 11.Bg2 O-O 12.O-O e5 13.Qc2 a5 14.c5 Na6 15.cxd6 
cxd6 16.Rc1 Bd7 17.Nd2 1/2-1/2

[Event "24th Rubinstein Memorial"]
[Site "Polanica Zdroj POL"]
[Date "1986.08.??"]
[Round "2"]
[White "Tischbierek, Raj"]
[Black "Hawelko, Marek"]
[Result "1-0"]
[WhiteElo "2425"]
[BlackElo "2480"]
[EventDate "1986.08.04"]
[PlyCount "59"]

1.e4 e5 2.Nf3 Nc6 3.Bc4 Bc5 4.d3 d6 5.c3 Nf6 6.Bg5 h6 7.Bh4 a6 8.d4 exd4 
9.cxd4 Bb4+ 10.Nc3 g5 11.Bg3 Nxe4 12.O-O Bxc3 13.bxc3 O-O 14.Nd2 Nxc3 15.
Qh5 d5 16.Bd3 Qf6 17.Rac1 Nxa2 18.Rxc6 Qxc6 19.Nf3 Qf6 20.Be5 Qe7 21.Re1 
Bg4 22.Qxg4 Rae8 23.h4 f6 24.hxg5 fxe5 25.gxh6+ Kh8 26.Rxe5 Qf6 27.Rf5 Qe7
28.Ne5 Rf6 29.Qh4 Ref8 30.Ng6+ 1-0

[Event "24th Rubinstein Memorial"]
[Site "Polanica Zdroj POL"]
[Date "1986.08.??"]
[Round "3"]
[White "Murshed, Niaz"]
[Black "Tischbierek, Raj"]
[Result "1/2-1/2"]
[WhiteElo "2415"]
[BlackElo "2425"]
[EventDate "1986.08.04"]
[PlyCount "47"]

1.d4 d5 2.c4 c6 3.Nf3 Nf6 4.Nc3 dxc4 5.a4 Bf5 6.e3 e6 7.Bxc4 Bb4 8.O-O 
Nbd7 9.Nh4 Bg4 10.f3 Bh5 11.g4 Bg6 12.Qb3 a5 13.g5 Nd5 14.e4 N5b6 15.Be2 
e5 16.dxe5 Nxe5 17.Be3 Nbd7 18.f4 Bc5 19.Bf2 Bxf2+ 20.Rxf2 Nc5 21.Qc2 Ned7
22.Rg2 f6 23.Nxg6 hxg6 24.gxf6 1/2-1/2

[Event "24th Rubinstein Memorial"]
[Site "Polanica Zdroj POL"]
[Date "1986.08.??"]
[Round "3"]
[White "Lerner, Konstantin"]
[Black "Lukacs, Peter"]
[Result "1/2-1/2"]
[WhiteElo "2550"]
[BlackElo "2435"]
[EventDate "1986.08.04"]
[PlyCount "63"]

1.d4 d5 2.c4 e6 3.Nc3 c6 4.e4 dxe4 5.Nxe4 Bb4+ 6.Nc3 c5 7.Nf3 Nf6 8.a3 Ba5
9.Be3 Nc6 10.dxc5 Qxd1+ 11.Rxd1 Ne4 12.Rc1 Nxc3 13.bxc3 e5 14.Nd2 Bf5 15.
f3 O-O-O 16.Ne4 Bc7 17.Be2 Bg6 18.g4 f6 19.Kf2 h5 20.h3 hxg4 21.hxg4 Rxh1 
22.Rxh1 Bxe4 23.fxe4 g5 24.Rh6 Rf8 25.Rh7 Ba5 26.Bd1 Rd8 27.Ba4 Rd7 28.Rh6
Bd8 29.Ke2 Kc7 30.Rh8 Be7 31.Re8 Bd8 32.Rh8 1/2-1/2

[Event "24th Rubinstein Memorial"]
[Site "Polanica Zdroj POL"]
[Date "1986.08.??"]
[Round "3"]
[White "Pekarek, Ales"]
[Black "Jasnikowski, Zbigniew"]
[Result "1-0"]
[WhiteElo "2445"]
[BlackElo "2410"]
[EventDate "1986.08.04"]
[PlyCount "53"]

1.Nf3 Nf6 2.c4 g6 3.Nc3 d5 4.cxd5 Nxd5 5.h4 h6 6.e4 Nxc3 7.bxc3 Bg7 8.d4 
c5 9.Rb1 Nc6 10.d5 Ne5 11.Nxe5 Bxe5 12.Qd2 Bg7 13.Be2 h5 14.c4 e5 15.Rb3 
Qd6 16.Bb2 b6 17.f4 O-O 18.f5 gxf5 19.Rg3 f4 20.Qxf4 Bg4 21.Qg5 f5 22.Bxg4
fxg4 23.Qxh5 Qf6 24.Qxg4 Qf2+ 25.Kd1 Rf7 26.Bxe5 Qxa2 27.Bxg7 1-0

[Event "24th Rubinstein Memorial"]
[Site "Polanica Zdroj POL"]
[Date "1986.08.??"]
[Round "3"]
[White "Farago, Ivan"]
[Black "Kuczynski, Robert"]
[Result "1/2-1/2"]
[WhiteElo "2520"]
[BlackElo "2435"]
[EventDate "1986.08.04"]
[PlyCount "83"]

1.d4 d5 2.c4 c6 3.Nc3 Nf6 4.e3 Bf5 5.cxd5 cxd5 6.Qb3 Bc8 7.f4 Nc6 8.Nf3 e6
9.Bd2 a6 10.Ne5 Nd7 11.Bd3 Be7 12.O-O Ndxe5 13.fxe5 O-O 14.Rac1 Na5 15.Qc2
h6 16.Ne2 b5 17.Bxa5 Qxa5 18.Nf4 Bd7 19.Qc7 Qxc7 20.Rxc7 Rfd8 21.Be2 Rac8 
22.Rfc1 Kf8 23.Nd3 Ke8 24.Kf2 b4 25.Ne1 Rxc7 26.Rxc7 Ra8 27.Nd3 Kd8 28.Rc1
Rc8 29.Nc5 Bxc5 30.dxc5 a5 31.Ba6 Rc7 32.Bd3 Ke7 33.e4 d4 34.Ke2 Bc6 35.
Kd2 f6 36.exf6+ gxf6 37.g3 e5 38.g4 Be8 39.h3 Bf7 40.a4 bxa3 41.bxa3 Be8 
42.Ba6 1/2-1/2

[Event "24th Rubinstein Memorial"]
[Site "Polanica Zdroj POL"]
[Date "1986.08.??"]
[Round "3"]
[White "Mokry, Karel"]
[Black "Lau, Ralf"]
[Result "0-1"]
[WhiteElo "2520"]
[BlackElo "2455"]
[EventDate "1986.08.04"]
[PlyCount "106"]

1.e4 e6 2.d4 d5 3.Nc3 Nc6 4.Nf3 Nf6 5.e5 Ne4 6.Bd3 Bb4 7.Bd2 Nxd2 8.Qxd2 
f6 9.Bb5 Bd7 10.Bxc6 Bxc6 11.a3 Bxc3 12.Qxc3 f5 13.Qe3 h6 14.h4 g6 15.
O-O-O Qe7 16.Rdg1 Qf7 17.Qf4 Ke7 18.Rh3 Raf8 19.Ne1 Qg7 20.Qd2 Kd7 21.Nd3 
Qf7 22.Nf4 g5 23.hxg5 hxg5 24.Rxh8 Rxh8 25.Nh3 g4 26.Nf4 Rh2 27.b3 Qh7 28.
Kb2 Qh6 29.g3 b6 30.Rc1 Rh1 31.Rxh1 Qxh1 32.a4 a5 33.Qc3 Qh6 34.b4 axb4 
35.Qxb4 Qh8 36.a5 bxa5 37.Qxa5 Qb8+ 38.Kc1 Qb6 39.Qc3 Bb5 40.Kd2 Bc4 41.
Ng6 Ke8 42.Qa1 Kf7 43.Nf4 c5 44.Ke3 cxd4+ 45.Qxd4 Qa5 46.Ng2 Qa3+ 47.Kf4 
Kg6 48.Nh4+ Kh5 49.c3 Qc1+ 50.Qe3 Qc2 51.f3 Be2 52.fxg4+ fxg4 53.Qd4 Qc1+ 
0-1

[Event "24th Rubinstein Memorial"]
[Site "Polanica Zdroj POL"]
[Date "1986.08.??"]
[Round "3"]
[White "Dejkalo, Stefan"]
[Black "Gaprindashvili, Nona"]
[Result "0-1"]
[WhiteElo "2450"]
[BlackElo "2350"]
[EventDate "1986.08.04"]
[PlyCount "70"]

1.d4 d5 2.c4 e6 3.Nc3 Be7 4.Nf3 Nf6 5.Bg5 Nbd7 6.e3 h6 7.Bh4 O-O 8.Rc1 c6 
9.a3 Ne4 10.Bxe7 Qxe7 11.Bd3 Nxc3 12.Rxc3 dxc4 13.Rxc4 e5 14.Bb1 Nb6 15.
Rc1 exd4 16.Nxd4 g6 17.Qc2 Bd7 18.O-O Rad8 19.Ba2 Kg7 20.b4 Bc8 21.h3 Rfe8
22.Rfe1 Qf6 23.a4 Nd5 24.Qb2 Nf4 25.Red1 Nxh3+ 26.gxh3 Bxh3 27.f4 g5 28.f5
Kg8 29.Qb3 Re4 30.Nf3 Rxd1+ 31.Rxd1 Bxf5 32.Rd4 Be6 33.Qb2 Rxe3 34.Bxe6 
fxe6 35.Nh2 Rd3 0-1

[Event "24th Rubinstein Memorial"]
[Site "Polanica Zdroj POL"]
[Date "1986.08.??"]
[Round "4"]
[White "Lau, Ralf"]
[Black "Dejkalo, Stefan"]
[Result "1/2-1/2"]
[WhiteElo "2455"]
[BlackElo "2450"]
[EventDate "1986.08.04"]
[PlyCount "83"]

1.e4 c6 2.d4 d5 3.Nc3 dxe4 4.Nxe4 Bf5 5.Ng3 Bg6 6.Nf3 Nd7 7.Bc4 e6 8.O-O 
Ngf6 9.Re1 Be7 10.c3 O-O 11.Nh4 Re8 12.Nxg6 hxg6 13.Qc2 Qc7 14.Ne4 Nxe4 
15.Qxe4 Nf6 16.Qf3 a6 17.Bb3 Bd6 18.g3 c5 19.dxc5 Bxc5 20.Bg5 Nh7 21.Bd2 
Rad8 22.Rad1 b5 23.Bc1 Qb6 24.Kg2 Nf6 25.Rxd8 Rxd8 26.Bg5 Be7 27.h4 Qc7 
28.Rd1 Rxd1 29.Bxd1 Nd5 30.Bd2 Bc5 31.h5 gxh5 32.Qxh5 Qb6 33.Qf3 Kf8 34.
Bc2 Kg8 35.Be4 Qd6 36.Bg5 g6 37.Qd3 f5 38.Bxd5 Qxd5+ 39.Qxd5 exd5 40.Bf6 
Kf7 41.Bh8 Ke6 42.Kf3 1/2-1/2

[Event "24th Rubinstein Memorial"]
[Site "Polanica Zdroj POL"]
[Date "1986.08.??"]
[Round "4"]
[White "Kuczynski, Robert"]
[Black "Mokry, Karel"]
[Result "0-1"]
[WhiteElo "2435"]
[BlackElo "2520"]
[EventDate "1986.08.04"]
[PlyCount "118"]

1.e4 c5 2.Nf3 e6 3.d4 cxd4 4.Nxd4 Nc6 5.Nc3 Qc7 6.Be2 a6 7.O-O Nf6 8.Be3 
Bb4 9.Nxc6 bxc6 10.Na4 Rb8 11.Qd3 d5 12.exd5 cxd5 13.c4 Bd7 14.Nc3 dxc4 
15.Qxc4 Qxc4 16.Bxc4 a5 17.Bb3 Ke7 18.Rfd1 Rhc8 19.Na4 Bd6 20.Bd2 Bxa4 21.
Bxa4 Rxb2 22.Bxa5 Ra8 23.Bc3 Rxf2 24.Kxf2 Ne4+ 25.Kf3 Nxc3 26.Bc6 Ra6 27.
Bb7 Ra7 28.Rd3 Rxb7 29.Rxc3 Be5 30.Rcc1 Bxa1 31.Rxa1 Kd6 32.a4 Kc5 33.Rc1+
Kb6 34.Rc4 Rc7 35.Rd4 Kc5 36.Rd8 h5 37.Ra8 Kd4 38.Rd8+ Ke5 39.Rd3 Ra7 40.
Re3+ Kd5 41.Ra3 e5 42.Ra1 Ra5 43.h4 f5 44.g3 Ke6 45.Ra2 Kf6 46.Rb2 Rxa4 
47.Rb6+ Kf7 48.Rb7+ Kg6 49.Rb6+ Kh7 50.Rb5 e4+ 51.Kf4 g6 52.Kg5 Ra6 53.
Rb7+ Kg8 54.g4 fxg4 55.Re7 g3 56.Rxe4 g2 57.Re1 Ra4 58.Rg1 Rg4+ 59.Kh6 Kf8
0-1

[Event "24th Rubinstein Memorial"]
[Site "Polanica Zdroj POL"]
[Date "1986.08.??"]
[Round "4"]
[White "Jasnikowski, Zbigniew"]
[Black "Farago, Ivan"]
[Result "1/2-1/2"]
[WhiteElo "2410"]
[BlackElo "2520"]
[EventDate "1986.08.04"]
[PlyCount "59"]

1.d4 Nf6 2.c4 e6 3.Nf3 b6 4.g3 Ba6 5.b3 Bb4+ 6.Bd2 Be7 7.Bg2 d5 8.cxd5 
exd5 9.Nc3 O-O 10.O-O Bb7 11.Bf4 Na6 12.a3 c5 13.dxc5 bxc5 14.Ne1 Qd7 15.
Bg5 Rfd8 16.Qc2 c4 17.bxc4 dxc4 18.Rd1 Qc8 19.Rxd8+ Bxd8 20.Bxf6 Bxf6 21.
Nd5 Bd8 22.Qe4 Nc7 23.Qxc4 Nxd5 24.Bxd5 Qxc4 25.Bxc4 Rc8 26.Bd3 Rc1 27.Nc2
Rxf1+ 28.Kxf1 Bc6 29.e3 Bb6 30.Ke2 1/2-1/2

[Event "24th Rubinstein Memorial"]
[Site "Polanica Zdroj POL"]
[Date "1986.08.??"]
[Round "4"]
[White "Lukacs, Peter"]
[Black "Pekarek, Ales"]
[Result "1/2-1/2"]
[WhiteElo "2435"]
[BlackElo "2445"]
[EventDate "1986.08.04"]
[PlyCount "125"]

1.d4 d5 2.c4 dxc4 3.Nf3 Nf6 4.Nc3 c5 5.d5 e6 6.e4 exd5 7.e5 Nfd7 8.Bg5 Be7
9.Bxe7 Qxe7 10.Nxd5 Qd8 11.Qc2 Nb6 12.O-O-O Nxd5 13.Bxc4 Be6 14.Bxd5 Qe7 
15.Bxe6 Qxe6 16.Qxc5 Nd7 17.Qb5 a6 18.Qxb7 O-O 19.Qd5 Qf5 20.Qd3 Qf4+ 21.
Kb1 Nxe5 22.Nxe5 Qxe5 23.Rhe1 Qf6 24.Qd4 Qf5+ 25.Ka1 Rac8 26.Re2 Qg5 27.f4
Qh5 28.Qe4 Qxh2 29.g4 Qg3 30.g5 g6 31.Rh1 Rce8 32.Qxe8 Rxe8 33.Rxe8+ Kg7 
34.Re4 Qf3 35.Rhe1 h5 36.gxh6+ Kxh6 37.a3 Kg7 38.Ka2 Qf2 39.Rc1 Qd2 40.
Rcc4 Qd5 41.Rd4 Qe6 42.Kb3 Qe3+ 43.Ka2 Qe6 44.Kb1 Qe1+ 45.Rc1 Qe3 46.Rcd1 
Qf3 47.R1d3 Qe2 48.b4 Kf6 49.Rd2 Qe3 50.Kb2 Kf5 51.R2d3 Qe2+ 52.Kb3 Qe6+ 
53.Rc4 Kg4 54.Rc3 Qd5 55.Kb2 f5 56.a4 Qd7 57.Ka3 Qd1 58.b5 Qd6+ 59.Kb2 a5 
60.Kc2 Qb6 61.Rd3 Qe6 62.Kb3 g5 63.fxg5+ 1/2-1/2

[Event "24th Rubinstein Memorial"]
[Site "Polanica Zdroj POL"]
[Date "1986.08.??"]
[Round "4"]
[White "Tischbierek, Raj"]
[Black "Lerner, Konstantin"]
[Result "1/2-1/2"]
[WhiteElo "2425"]
[BlackElo "2550"]
[EventDate "1986.08.04"]
[PlyCount "83"]

1.e4 c5 2.Nf3 d6 3.d4 cxd4 4.Nxd4 Nf6 5.Nc3 Nc6 6.Bg5 e6 7.Qd2 a6 8.O-O-O 
h6 9.Be3 Be7 10.f3 Nxd4 11.Bxd4 b5 12.h4 Qa5 13.Qf2 Rb8 14.Kb1 e5 15.Ba7 
Rb7 16.g4 Be6 17.Nd5 Bxd5 18.exd5 Bd8 19.Bd3 Bb6 20.Bxb6 Qxb6 21.Qg3 Qd8 
22.f4 Re7 23.Rhe1 exf4 24.Qxf4 O-O 25.g5 hxg5 26.hxg5 Nh5 27.Qg4 Rxe1 28.
Rxe1 g6 29.a3 Re8 30.Rxe8+ Qxe8 31.Qd4 Qe7 32.Qb6 Nf4 33.Qxa6 Nxd3 34.cxd3
Qxg5 35.Qxd6 Qg1+ 36.Ka2 Qd4 37.Qb8+ Kg7 38.Qxb5 g5 39.d6 Kf6 40.Qc6 g4 
41.a4 g3 42.Qf3+ 1/2-1/2

[Event "24th Rubinstein Memorial"]
[Site "Polanica Zdroj POL"]
[Date "1986.08.??"]
[Round "4"]
[White "Hawelko, Marek"]
[Black "Murshed, Niaz"]
[Result "0-1"]
[WhiteElo "2480"]
[BlackElo "2415"]
[EventDate "1986.08.04"]
[PlyCount "126"]

1.e4 c5 2.Nf3 Nc6 3.d4 cxd4 4.Nxd4 e6 5.Nb5 d6 6.c4 Nf6 7.N1c3 a6 8.Na3 
Be7 9.Be2 b6 10.O-O O-O 11.Be3 Ne5 12.Qb3 Ned7 13.Rfd1 Qc7 14.Rac1 Bb7 15.
f3 Rac8 16.Bf1 Qb8 17.Nc2 Rfe8 18.Kh1 Bd8 19.Bg1 h5 20.Ne3 h4 21.h3 Nh5 
22.Bf2 Bg5 23.Ne2 Qc7 24.Qd3 Ne5 25.Qd4 Qc5 26.Rc3 Qxd4 27.Rxd4 Rc6 28.Ng4
Nxg4 29.hxg4 Ng3+ 30.Nxg3 hxg3 31.Bxg3 Bf6 32.e5 dxe5 33.Rd7 Ba8 34.Rb3 b5
35.cxb5 Rc1 36.Kg1 axb5 37.Rc3 Rb1 38.Rdc7 Bd5 39.b3 e4 40.Rc8 Rxc8 41.
Rxc8+ Kh7 42.Bf2 exf3 43.gxf3 Bxf3 44.Be3 Bxg4 45.Rc1 Rxc1 46.Bxc1 Bd4+ 
47.Kg2 b4 48.a4 bxa3 49.Bxa3 e5 50.Bd6 Kg6 51.b4 Bc8 52.b5 f5 53.Bc7 Bb7+ 
54.Kg3 Kf6 55.Bc4 Bc5 56.Be2 e4 57.Bh5 g6 58.Bd8+ Kf7 59.Be2 Be7 60.Bc7 
Kf6 61.Bd1 Bc5 62.Bd8+ Be7 63.Bc7 Ke6 0-1

[Event "24th Rubinstein Memorial"]
[Site "Polanica Zdroj POL"]
[Date "1986.08.??"]
[Round "5"]
[White "Lerner, Konstantin"]
[Black "Hawelko, Marek"]
[Result "1-0"]
[WhiteElo "2550"]
[BlackElo "2480"]
[EventDate "1986.08.04"]
[PlyCount "69"]

1.d4 Nf6 2.c4 c5 3.d5 b5 4.Nf3 b4 5.Bg5 d6 6.Nbd2 e5 7.dxe6 fxe6 8.g3 Be7 
9.Bg2 Bb7 10.Qc2 Nbd7 11.O-O Qb6 12.Bh3 d5 13.Bxf6 Nxf6 14.Ng5 Bc8 15.e4 
h6 16.Ngf3 O-O 17.Ne5 dxe4 18.Ng6 Re8 19.Nxe4 Nxe4 20.Qxe4 Rb8 21.Nxe7+ 
Rxe7 22.Qe5 Qc7 23.Rfe1 Qxe5 24.Rxe5 Kf7 25.Rxc5 Bb7 26.Rd1 Bf3 27.Rd3 Be4
28.Rd4 Bb1 29.Ra5 b3 30.a3 e5 31.Rd6 e4 32.c5 Bd3 33.c6 Rc7 34.Rd7+ Rxd7 
35.f3 1-0

[Event "24th Rubinstein Memorial"]
[Site "Polanica Zdroj POL"]
[Date "1986.08.??"]
[Round "5"]
[White "Pekarek, Ales"]
[Black "Tischbierek, Raj"]
[Result "1/2-1/2"]
[WhiteElo "2445"]
[BlackElo "2425"]
[EventDate "1986.08.04"]
[PlyCount "110"]

1.d4 d5 2.c4 c6 3.Nf3 Nf6 4.Nc3 dxc4 5.a4 Bf5 6.e3 e6 7.Bxc4 Bb4 8.O-O 
Nbd7 9.Qe2 Bg6 10.e4 O-O 11.Bd3 Bh5 12.Bf4 Re8 13.e5 Nd5 14.Nxd5 cxd5 15.
h3 a6 16.Rfc1 Nb8 17.g4 Bg6 18.h4 Nc6 19.Kg2 Rc8 20.Rd1 Be7 21.h5 Bxd3 22.
Rxd3 Nb4 23.Rd2 Qc7 24.Rh1 Qd7 25.Qd1 Rc4 26.g5 Rec8 27.Nh2 Rc2 28.Ng4 Qd8
29.Rxc2 Rxc2 30.Bd2 Rc4 31.h6 g6 32.Bxb4 Rxb4 33.Qd2 Rc4 34.Nf6+ Bxf6 35.
gxf6 Qb6 36.Rc1 Qc6 37.Rxc4 dxc4+ 38.f3 Qxa4 39.d5 exd5 40.Qxd5 Qb4 41.Qd6
a5 42.Qb8+ Qf8 43.Qxb7 Qxh6 44.Qc8+ Qf8 45.Qxc4 Qd8 46.Kg3 h6 47.Qc6 Qb8 
48.Qd6 Qa7 49.Qd8+ Kh7 50.Kg2 Qa6 51.Qe7 Qe2+ 52.Kg3 Qe1+ 53.Kg2 Qe2+ 54.
Kg3 Qe1+ 55.Kg2 Qe2+ 1/2-1/2

[Event "24th Rubinstein Memorial"]
[Site "Polanica Zdroj POL"]
[Date "1986.08.??"]
[Round "5"]
[White "Farago, Ivan"]
[Black "Lukacs, Peter"]
[Result "1/2-1/2"]
[WhiteElo "2520"]
[BlackElo "2435"]
[EventDate "1986.08.04"]
[PlyCount "27"]

1.d4 Nf6 2.c4 e6 3.Nf3 Bb4+ 4.Bd2 Bxd2+ 5.Qxd2 O-O 6.Nc3 d5 7.e3 Qe7 8.Rc1
Nbd7 9.cxd5 exd5 10.Bd3 c6 11.Qc2 Re8 12.O-O Ne4 13.Bxe4 dxe4 14.Nd2 
1/2-1/2

[Event "24th Rubinstein Memorial"]
[Site "Polanica Zdroj POL"]
[Date "1986.08.??"]
[Round "5"]
[White "Mokry, Karel"]
[Black "Jasnikowski, Zbigniew"]
[Result "1/2-1/2"]
[WhiteElo "2520"]
[BlackElo "2410"]
[EventDate "1986.08.04"]
[PlyCount "37"]

1.e4 c5 2.Nf3 e6 3.d4 cxd4 4.Nxd4 Nc6 5.Nb5 d6 6.c4 Nf6 7.N1c3 a6 8.Na3 
Be7 9.Be2 O-O 10.O-O b6 11.Be3 Ne5 12.f4 Ned7 13.Bf3 Bb7 14.Qe2 Rc8 15.
Rac1 h6 16.Nc2 Qc7 17.Nd4 Rfe8 18.f5 Bf8 19.fxe6 1/2-1/2

[Event "24th Rubinstein Memorial"]
[Site "Polanica Zdroj POL"]
[Date "1986.08.??"]
[Round "5"]
[White "Dejkalo, Stefan"]
[Black "Kuczynski, Robert"]
[Result "1/2-1/2"]
[WhiteElo "2450"]
[BlackElo "2435"]
[EventDate "1986.08.04"]
[PlyCount "31"]

1.Nf3 d5 2.g3 Nf6 3.Bg2 c6 4.O-O Bg4 5.d4 Nbd7 6.b3 e6 7.c4 Be7 8.Nbd2 O-O
9.Bb2 a5 10.a3 h6 11.Ne5 Nxe5 12.dxe5 Nd7 13.h3 Bh5 14.g4 Bg6 15.f4 f5 16.
cxd5 1/2-1/2

[Event "24th Rubinstein Memorial"]
[Site "Polanica Zdroj POL"]
[Date "1986.08.??"]
[Round "6"]
[White "Jasnikowski, Zbigniew"]
[Black "Dejkalo, Stefan"]
[Result "1/2-1/2"]
[WhiteElo "2410"]
[BlackElo "2450"]
[EventDate "1986.08.04"]
[PlyCount "26"]

1.e4 c6 2.d4 d5 3.exd5 cxd5 4.Bd3 Nc6 5.c3 Nf6 6.Bf4 Bg4 7.Qb3 Qd7 8.Nd2 
e6 9.Ngf3 Bxf3 10.Nxf3 Bd6 11.Bxd6 Qxd6 12.O-O O-O 13.Rfe1 Rab8 1/2-1/2

[Event "24th Rubinstein Memorial"]
[Site "Polanica Zdroj POL"]
[Date "1986.08.??"]
[Round "6"]
[White "Lukacs, Peter"]
[Black "Mokry, Karel"]
[Result "1-0"]
[WhiteElo "2435"]
[BlackElo "2520"]
[EventDate "1986.08.04"]
[PlyCount "59"]

1.d4 d5 2.c4 c6 3.Nc3 Nf6 4.e3 Bg4 5.f3 Bc8 6.cxd5 cxd5 7.e4 dxe4 8.fxe4 
e6 9.Nf3 Be7 10.Bd3 O-O 11.e5 Nd5 12.O-O Nc6 13.a3 Qb6 14.Kh1 Bd7 15.Be4 
Nxc3 16.bxc3 Na5 17.Ng5 h6 18.Nh7 Bc6 19.Bc2 Qb5 20.Nxf8 Rxf8 21.Bxh6 gxh6
22.Qg4+ Kh8 23.Qh5 Kg7 24.h4 f5 25.exf6+ Rxf6 26.Qg4+ Kf8 27.Rxf6+ Bxf6 
28.Qxe6 Kg7 29.Qg4+ Kf8 30.Qf4 1-0